Manga - świat grozy i czarnej magii : jak narysować eleganckie i uwodzicielskie postacie ciemności /

Hlavní autor: Hart, Christopher, 1957-
Jazyk: Polština
Vydáno: Brno : Zoner Press, 2009
Vydání: Wyd. 1.
Edice: Uczymy się rysować
Encyklopedia Zoner Press
Témata:
Fyzický popis: 143 s. : il. (převážně barev.) ; 28 cm
Knihy
Uloženo v:
LEADER 02084nam a2200577 a 4500
001 nkc20092026655
003 CZ PrNK
005 20110118174520.0
007 ta
008 091221s2009 xr a c f 000 0 pol
015 |a cnb002026655 
020 |a 978-80-7413-062-5  |q (brož.) 
035 |a (OCoLC)551402755 
040 |a OLA001  |b cze  |d BOA001 
041 1 |a pol  |h eng 
043 |a a-ja--- 
072 7 |a 74  |x Kresba. Umělecká řemesla  |2 Konspekt  |9 21 
072 7 |a 0/9-053.2  |x Literatura pro děti a mládež (naučná)  |2 Konspekt  |9 26 
080 |a 741  |2 MRF 
080 |a 82-312.5:741/744  |2 MRF 
080 |a (520)  |2 MRF 
080 |a (035)  |2 MRF 
080 |a (0.053.2)  |2 MRF 
100 1 |a Hart, Christopher,  |d 1957-  |7 jx20060225018  |4 aut  |4 ill 
245 1 0 |a Manga - świat grozy i czarnej magii :  |b jak narysować eleganckie i uwodzicielskie postacie ciemności /  |c Christopher Hart ; [tłumaczenie Joanna Ziółkowska] 
250 |a Wyd. 1. 
260 |a Brno :  |b Zoner Press,  |c 2009 
300 |a 143 s. :  |b il. (převážně barev.) ;  |c 28 cm 
490 1 |a Uczymy się rysować 
490 1 |a Encyklopedia Zoner Press 
500 |a Přeloženo z angličtiny 
500 |a Rozložená tit. s. 
650 0 7 |a kreslení  |7 ph121945  |2 czenas 
650 0 7 |a manga  |7 ph527859  |2 czenas 
650 0 7 |a komiks  |7 ph114952  |z Japonsko  |2 czenas 
650 0 9 |a drawing  |2 eczenas 
650 0 9 |a manga  |2 eczenas 
650 0 9 |a comics  |z Japan  |2 eczenas 
655 7 |a příručky  |7 fd133209  |2 czenas 
655 7 |a publikace pro děti  |7 fd133156  |2 czenas 
655 9 |a handbooks and manuals  |2 eczenas 
655 9 |a children's literature  |2 eczenas 
765 0 |t Manga mania occult and horror  |9 Česky 
830 0 |a Uczymy się rysować  |0 s 
830 0 |a Encyklopedia Zoner Press  |0 s 
910 2 |a BOA001  |b M3-1235.763 
990 |a BK 
995 |a 01 
991 |b 201002  |c NOV 
996 6 |b 2610406406  |c M3-1235.763  |l MZK  |r Sklad / do 24 hodin  |n 0  |p p.v.  |w 001105543  |u 000010  |a 1  |e BOA001  |j MZK50  |s P 
996 7 |b 2610406407  |c M3-1235.763  |l MZK  |r Sklad / do 24 hodin  |n 0  |p p.v.  |w 001105543  |u 000020  |a 1  |e BOA001  |j MZK50  |s A